000 00769nam a22002057a 4500
999 _c18406
_d18406
003 AR-CdUCM
008 190513b ||||| |||| 00| 0 spa d
040 _aMUNICIPALIDAD PROVINCIAL DEL CUSCO
_cBIBLIOTECA MUNICIPAL DEL CUSCO
082 _a869.01 /
_bC46
245 _aCentro permanente de paz del Perú /
260 _aLima :
_bJ.C.,
_c1988.
300 _a146 paginas ;
_c21 cm.
505 _aContenido : La canción de la paz -- Camino de esperanza -- La dulce fortaleza -- Representante ante Dios -- A la mujer de nuestro siglo -- Hay un mundo de paz...
650 _aLa paz
_9620
650 _aLiteratura latinoamericana
_91143
650 _aPaz y belleza
_938978
650 _aCaminos a la patria
_938979
942 _2ddc
_cLIBROS
945 _awnts
_d2019-05-13